[Event "Uljanovsk op"]
[Site "Uljanovsk"]
[Date "2010.02.14"]
[Round "9"]
[White "Meyling, Andrey"]
[Black "Sadykova, Alsu"]
[Result "1-0"]
[WhiteElo "2057"]
[BlackElo "2109"]
[PlyCount "89"]
[EventDate "2010.02.06"]
[EventType "swiss"]
[EventRounds "9"]
[EventCountry "RUS"]
[SourceTitle "CBM 134 Extra"]
[Source "ChessBase"]
[SourceDate "2010.03.03"]
[SourceVersion "1"]
[SourceVersionDate "2010.03.03"]
[SourceQuality "1"]

1. d4 Nf6 2. Nf3 e6 3. c4 d5 4. Nc3 Be7 5. Bg5 0-0 6. e3 Nbd7 7. Bd3 h6 8. Bh4 b6 9. cxd5 exd5 10. 0-0 Bb7 11. Rc1 c5 12. Qe2 Ne4 13. Bg3 Bf6 14. Rfd1 Nxg3 15. hxg3 Qe7 16. Bf5 Rfd8 17. Qb5 a6 18. Qb3 c4 19. Qc2 b5 20. e4 g6 21. Bxd7 Rxd7 22. e5 Bg7 23. Re1 Bc6 24. Nh4 Re8 25. f4 b4 26. Nd1 Rb7 27. Qf2 Bd7 28. Ne3 Qe6 29. g4 a5 30. f5 Qc6 31. f6 Bf8 32. Nxg6 fxg6 33. f7+ Kg7 34. fxe8Q Bxe8 35. Qf3 Bf7 36. Rxc4 Qd7 37. Rcc1 Be7 38. Rf1 Be6 39. Nf5+ Kh7 40. Nxe7 Qxe7 41. Qf6 Bxg4 42. Qxe7+ Rxe7 43. Rc5 Be2 44. Rf2 Bc4 45. b3 1-0

[Event "Tatarstan-ch op"]
[Site "Kazan"]
[Date "2007.08.24"]
[Round "5"]
[White "Sabaev, Evgueni"]
[Black "Sadykova, Alsu"]
[Result "1-0"]
[WhiteElo "2237"]
[BlackElo "2143"]
[PlyCount "92"]
[EventDate "2007.08.20"]
[EventType "swiss"]
[EventRounds "9"]
[EventCountry "RUS"]
[SourceTitle "EXT 2009"]
[Source "ChessBase"]
[SourceDate "2008.11.26"]
[SourceVersion "1"]
[SourceVersionDate "2008.11.26"]
[SourceQuality "1"]

1. e4 e6 2. d4 d5 3. Nc3 Bb4 4. e5 c5 5. Bd2 cxd4 6. Nb5 Bf8 7. Nf3 Nc6 8. Bd3 a6 9. Nbxd4 Nge7 10. 0-0 Nxd4 11. Nxd4 Nc6 12. Nf3 Be7 13. c3 f5 14. exf6 Bxf6 15. Qc2 g6 16. Rfe1 Kf7 17. Bf4 Re8 18. Ne5+ Nxe5 19. Bxe5 Bxe5 20. Rxe5 b5 21. Qd2 Qf6 22. Rae1 Bd7 23. g3 Re7 24. h4 Be8 25. Qe3 Raa7 26. f4 Rab7 27. Bf1 Bd7 28. Bh3 Bc8 29. Qc5 Rbc7 30. Qb6 Rc4 31. Bf1 Rcc7 32. Bd3 Kg8 33. Kh2 Qf8 34. Rg5 Rb7 35. Qd4 Rg7 36. b4 Rbc7 37. Re3 Qf7 38. Rge5 Bd7 39. Be2 Qf6 40. Rxd5 Qf7 41. Rd6 Qf5 42. Bd3 Qg4 43. Rdxe6 Bxe6 44. Qd8+ Kf7 45. Qxc7+ Kf8 46. Qd6+ Re7 1-0

[Event "Tatarstan-ch op"]
[Site "Kazan"]
[Date "2007.08.22"]
[Round "3"]
[White "Sadykova, Alsu"]
[Black "Tukhvatullin, Timur"]
[Result "0-1"]
[WhiteElo "2143"]
[BlackElo "2236"]
[PlyCount "72"]
[EventDate "2007.08.20"]
[EventType "swiss"]
[EventRounds "9"]
[EventCountry "RUS"]
[SourceTitle "EXT 2009"]
[Source "ChessBase"]
[SourceDate "2008.11.26"]
[SourceVersion "1"]
[SourceVersionDate "2008.11.26"]
[SourceQuality "1"]

1. d4 Nf6 2. c4 c5 3. d5 e6 4. Nc3 exd5 5. cxd5 d6 6. Nf3 g6 7. g3 Bg7 8. Bg2 0-0 9. 0-0 a6 10. a4 Re8 11. Bf4 Nh5 12. Bg5 Qc7 13. Rc1 Nd7 14. b4 cxb4 15. Nb5 Qxc1 16. Bxc1 axb5 17. axb5 Nc5 18. Nd4 Ra2 19. Bf3 Nf6 20. Be3 Ng4 21. Bxg4 Bxg4 22. Re1 Rea8 23. f3 Bd7 24. Bf2 Rb2 25. Qc1 Rba2 26. Qd1 h6 27. g4 Kh7 28. h4 R8a3 29. h5 b3 30. hxg6+ fxg6 31. e4 b2 32. Nc2 Ra8 33. e5 Bxe5 34. Bxc5 Ra1 35. Ba3 Rxd1 36. Rxd1 Bxb5 0-1

[Event "RUS-ch (Women) 1st League 57th"]
[Site "Obninsk"]
[Date "2007.03.01"]
[Round "6"]
[White "Ertel, Tatiana"]
[Black "Sadykova, Alsu"]
[Result "1/2-1/2"]
[WhiteElo "1968"]
[BlackElo "2065"]
[PlyCount "43"]
[EventDate "2007.02.24"]
[EventType "swiss"]
[EventRounds "9"]
[EventCountry "RUS"]
[SourceTitle "EXT 2010"]
[Source "ChessBase"]
[SourceDate "2010.11.25"]
[SourceVersion "1"]
[SourceVersionDate "2010.11.25"]
[SourceQuality "1"]

1. Nc3 d5 2. g3 Nf6 3. Bg2 c5 4. e4 dxe4 5. Nxe4 Nxe4 6. Bxe4 Nd7 7. d3 Nf6 8. Bg2 Bg4 9. Ne2 Qc8 10. Bg5 g6 11. Bxf6 exf6 12. Qd2 Bg7 13. 0-0 0-0 14. Rfe1 Bd7 15. d4 cxd4 16. Nxd4 f5 17. c3 Qc7 18. Re7 Qd6 19. Rae1 Bc6 20. Nb3 Qxd2 21. Nxd2 Bf6 22. R7e2 1/2-1/2

[Event "Muhamedzjanov Memorial"]
[Site "Kazan"]
[Date "2007.02.02"]
[Round "8"]
[White "Sadykova, Alsu"]
[Black "Chernova, Anastasia"]
[Result "1-0"]
[WhiteElo "2081"]
[BlackElo "2153"]
[PlyCount "123"]
[EventDate "2007.01.26"]
[EventType "swiss"]
[EventRounds "9"]
[EventCountry "RUS"]
[SourceTitle "EXT 2008"]
[Source "ChessBase"]
[SourceDate "2007.11.25"]
[SourceVersion "1"]
[SourceVersionDate "2007.11.25"]
[SourceQuality "1"]

1. d4 Nf6 2. c4 e6 3. Nc3 Bb4 4. Qc2 0-0 5. a3 Bxc3+ 6. Qxc3 b6 7. f3 d5 8. Bg5 h6 9. Bh4 Nbd7 10. e3 Bb7 11. cxd5 exd5 12. Bd3 Re8 13. Bf2 Rc8 14. Ne2 c5 15. 0-0 cxd4 16. Qxd4 Nc5 17. Bc2 Ba6 18. Rfe1 Qe7 19. Nc3 Red8 20. Bh4 Bb7 21. Rad1 Rd7 22. Bf5 Ne6 23. Qe5 Rcd8 24. Bc2 g5 25. Bg3 Kf8 26. Ba4 Rc7 27. Qf5 Rc5 28. Be5 Ng8 29. b4 Rcc8 30. Bb3 f6 31. Nxd5 Bxd5 32. Bxd5 Ng7 33. Qh7 Ne6 34. Qxe7+ Kxe7 35. Ba1 Rd6 36. Bb3 Rxd1 37. Rxd1 h5 38. Ba4 Rc7 39. e4 Nh6 40. e5 f5 41. Kf2 Nf7 42. g3 f4 43. gxf4 Nxf4 44. Bb3 Nd8 45. Ke3 Nde6 46. Ke4 Rc8 47. Bb2 Ng7 48. Rd2 Nfe6 49. Rd6 Rf8 50. Bc1 Rd8 51. Bd2 Rb8 52. Ba4 Rd8 53. Rxd8 Kxd8 54. Bb3 Kd7 55. Be1 Nf4 56. Bg3 Ne2 57. Bf2 Ne6 58. Be3 N6f4 59. Kf5 Nd3 60. Bc4 Nef4 61. Bxf4 Nxf4 62. Kxg5 1-0

[Event "Muhamedzjanov Memorial"]
[Site "Kazan"]
[Date "2007.01.30"]
[Round "5"]
[White "Rodchenkov, Vitaly"]
[Black "Sadykova, Alsu"]
[Result "1/2-1/2"]
[WhiteElo "2389"]
[BlackElo "2081"]
[PlyCount "114"]
[EventDate "2007.01.26"]
[EventType "swiss"]
[EventRounds "9"]
[EventCountry "RUS"]
[SourceTitle "EXT 2008"]
[Source "ChessBase"]
[SourceDate "2007.11.25"]
[SourceVersion "1"]
[SourceVersionDate "2007.11.25"]
[SourceQuality "1"]

1. e4 c6 2. d4 d5 3. e5 Bf5 4. Nf3 e6 5. Be2 c5 6. Be3 Nd7 7. 0-0 Ne7 8. c4 Bxb1 9. Rxb1 g6 10. Bg5 Bg7 11. cxd5 exd5 12. dxc5 0-0 13. b4 a5 14. c6 bxc6 15. Nd4 Nxe5 16. f4 Nd7 17. f5 Bf6 18. Bxf6 Nxf6 19. fxg6 fxg6 20. Ne6 Qb6+ 21. Kh1 axb4 22. Nxf8 Rxf8 23. Bd3 c5 24. a3 c4 25. Rxb4 Qd4 26. Be2 Qxd1 27. Bxd1 Nf5 28. Re1 Nd4 29. Kg1 Ne4 30. Rxe4 dxe4 31. Rxc4 Rd8 32. Bg4 Kg7 33. Rc7+ Kf6 34. Rd7 Rxd7 35. Bxd7 Ke5 36. Kf2 Nb3 37. Ke3 Na5 38. Bb5 g5 39. a4 h6 40. Be2 Kd5 41. Ba6 Ke5 42. Bb5 Kd5 43. Kf2 Kd4 44. Kg3 e3 45. Kf3 Nb3 46. h3 Nd2+ 47. Ke2 Nb3 48. g3 Ke4 49. Bd3+ Kd4 50. Bc2 Na5 51. Bg6 Nb3 52. Bh5 Na5 53. Bf3 Nc4 54. Bg2 Na5 55. Kd1 Kc3 56. Bf1 Nb3 57. Ke1 Kd4 1/2-1/2

[Event "Kazan-ch"]
[Site "Kazan"]
[Date "2006.11.23"]
[Round "2"]
[White "Sadykova, Alsu"]
[Black "Gabdrakhmanov, Rafail"]
[Result "0-1"]
[WhiteElo "2081"]
[BlackElo "2388"]
[PlyCount "67"]
[EventDate "2006.11.21"]
[EventType "swiss"]
[EventRounds "11"]
[EventCountry "RUS"]
[SourceTitle "EXT 2019"]
[Source "ChessBase"]
[SourceDate "2018.10.10"]
[SourceVersion "1"]
[SourceVersionDate "2018.10.10"]
[SourceQuality "1"]

1. d4 Nf6 2. c4 e6 3. Nc3 Bb4 4. Qc2 c5 5. dxc5 Na6 6. Bd2 0-0 7. f3 Bxc5 8. a3 d5 9. Nh3 dxc4 10. e4 e5 11. 0-0-0 Bd7 12. f4 b5 13. fxe5 Ng4 14. Nd5 Nxe5 15. Bc3 Re8 16. Nhf4 Rb8 17. Qd2 Rb7 18. Nh5 Qh4 19. Be2 Kh8 20. g4 f6 21. h3 Bf8 22. Rhf1 Nc5 23. Qf4 Ng6 24. Qf3 Qg5+ 25. Kb1 Ne5 26. Qf4 Qxf4 27. Rxf4 Ng6 28. Rxf6 gxf6 29. Ndxf6 Re5 30. Bxe5 Nxe5 31. Rd5 Be6 32. Rd1 Rb8 33. h4 Rd8 34. Rg1 0-1

[Event "St Petersburg Rudenko Memorial (Women)"]
[Site "St Petersburg"]
[Date "2006.09.26"]
[Round "1"]
[White "Sadykova, Alsu"]
[Black "Nechaeva, Marina"]
[Result "0-1"]
[WhiteElo "2127"]
[BlackElo "2303"]
[PlyCount "120"]
[EventDate "2006.08.26"]
[EventType "swiss"]
[EventRounds "9"]
[EventCountry "RUS"]
[SourceTitle "CBM 113 Extra"]
[Source "ChessBase"]
[SourceDate "2006.09.14"]
[SourceVersion "1"]
[SourceVersionDate "2006.09.14"]
[SourceQuality "1"]

1. d4 d5 2. c4 c6 3. Nf3 e6 4. Nc3 Nf6 5. Bg5 dxc4 6. e4 b5 7. a4 Qb6 8. Bxf6 gxf6 9. d5 b4 10. Nb1 cxd5 11. exd5 exd5 12. Qxd5 Qe6+ 13. Qxe6+ Bxe6 14. Nfd2 Nc6 15. Bxc4 Bxc4 16. Nxc4 Nd4 17. Kd1 0-0-0 18. Nbd2 Nb3 19. Kc2 Nxa1+ 20. Rxa1 Rg8 21. g3 Rg5 22. Ne4 Rh5 23. h4 f5 24. Ng5 f4 25. Re1 fxg3 26. fxg3 Kb7 27. Rf1 Rd7 28. Nxf7 b3+ 29. Kxb3 Rd3+ 30. Kc2 Rdd5 31. Ng5 Bc5 32. Rf7+ Kc8 33. Nxh7 Rhf5 34. Rxf5 Rxf5 35. Ng5 Kd7 36. Ne4 Kc6 37. Ncd2 Bb4 38. Kd3 Bxd2 39. Nxd2 Rf2 40. b3 Kd5 41. Ke3 Rg2 42. Ne4 Ke5 43. b4 Rg1 44. Kf3 Rb1 45. Nf2 Rb3+ 46. Kg2 Kf5 47. g4+ Kf4 48. g5 Kf5 49. b5 Rb4 50. Kh3 Rxa4 51. Nh1 Ra3+ 52. Kg2 Rb3 53. Ng3+ Kg6 54. Ne2 Rxb5 55. Kg3 a5 56. Kg4 Rb4+ 57. Nf4+ Rxf4+ 58. Kxf4 a4 59. Kg4 a3 60. h5+ Kh7 0-1

[Event "EU-ch U16 Girls"]
[Site "Herceg Novi"]
[Date "2006.09.14"]
[Round "5"]
[White "Sadykova, Alsu"]
[Black "Dudas, Eszter"]
[Result "1/2-1/2"]
[WhiteElo "2127"]
[BlackElo "2059"]
[PlyCount "85"]
[EventDate "2006.09.10"]
[EventType "swiss"]
[EventRounds "9"]
[EventCountry "MNE"]
[SourceTitle "CBM 114 Extra"]
[Source "ChessBase"]
[SourceDate "2006.11.03"]
[SourceVersion "1"]
[SourceVersionDate "2006.11.03"]
[SourceQuality "1"]

1. d4 d5 2. c4 c6 3. Nf3 Nf6 4. Qb3 dxc4 5. Qxc4 Bf5 6. Bf4 Nbd7 7. e3 e6 8. Qb3 Bxb1 9. Rxb1 Qa5+ 10. Kd1 Nb6 11. Bd3 Be7 12. Ke2 0-0 13. Rhd1 Rfd8 14. Kf1 Rac8 15. Kg1 c5 16. dxc5 Qxc5 17. h3 h6 18. e4 Qb4 19. Qxb4 Bxb4 20. Kf1 Na4 21. Ne5 Nc5 22. a3 Nxd3 23. Nxd3 Ba5 24. f3 Bb6 25. Ke2 Kf8 26. Rbc1 Ke7 27. b4 Bd4 28. Bc7 Rg8 29. a4 Ne8 30. Be5 Rxc1 31. Rxc1 Bxe5 32. Nxe5 f6 33. Ng6+ Kd7 34. Nf4 Nd6 35. Kd3 Rd8 36. Rc5 Ke7 37. Ke3 Rd7 38. Nd3 Kf7 39. f4 Ke7 40. g4 g5 41. fxg5 hxg5 42. Rc3 e5 43. Rc5 1/2-1/2

[Event "EU-ch U16 Girls"]
[Site "Herceg Novi"]
[Date "2006.09.10"]
[Round "1"]
[White "Sadykova, Alsu"]
[Black "Gencer, Ozlem"]
[Result "1-0"]
[WhiteElo "2127"]
[BlackElo "1932"]
[PlyCount "107"]
[EventDate "2006.09.10"]
[EventType "swiss"]
[EventRounds "9"]
[EventCountry "MNE"]
[SourceTitle "CBM 114 Extra"]
[Source "ChessBase"]
[SourceDate "2006.11.03"]
[SourceVersion "1"]
[SourceVersionDate "2006.11.03"]
[SourceQuality "1"]

1. d4 d5 2. c4 e6 3. Nc3 Nf6 4. Bg5 Bb4 5. Nf3 c6 6. e3 dxc4 7. Bxc4 Qa5 8. Qc2 Ne4 9. Qxe4 Bxc3+ 10. Ke2 Bxb2 11. Rab1 Ba3 12. Qg4 Nd7 13. Rhd1 Nb6 14. Bd3 Nd5 15. Kf1 Nc3 16. Bf4 Bf8 17. Be5 Nxd1 18. Rxd1 Bd7 19. Qg5 h6 20. Qh5 Qa3 21. Ng5 hxg5 22. Qxh8 0-0-0 23. Bxg7 Be7 24. Qh5 f5 25. Qf7 Bf8 26. Bf6 Re8 27. Bxg5 Qxa2 28. h4 Bd6 29. Qg6 Rf8 30. Bh6 Be8 31. Qh7 Rf7 32. Qg8 Kd7 33. h5 Re7 34. Be2 Qd5 35. Bf3 Qb5+ 36. Kg1 f4 37. Bf8 fxe3 38. fxe3 Bf7 39. Qh7 Qg5 40. Bxe7 Kxe7 41. Qe4 Bxh5 42. Bxh5 Qxh5 43. Rb1 b6 44. Ra1 a5 45. Qxc6 Qh2+ 46. Kf2 Qg3+ 47. Ke2 Qg4+ 48. Qf3 Qg6 49. Rc1 a4 50. Qb7+ Kf6 51. Rf1+ Kg5 52. Qc6 Qh5+ 53. Rf3 Qh2 54. Rh3 1-0

[Event "St Petersburg Rudenko Memorial (Women)"]
[Site "St Petersburg"]
[Date "2006.09.02"]
[Round "8"]
[White "Sadykova, Alsu"]
[Black "Egorova, Ekaterina"]
[Result "1/2-1/2"]
[WhiteElo "2127"]
[BlackElo "2112"]
[PlyCount "88"]
[EventDate "2006.08.26"]
[EventType "swiss"]
[EventRounds "9"]
[EventCountry "RUS"]
[SourceTitle "CBM 113 Extra"]
[Source "ChessBase"]
[SourceDate "2006.09.14"]
[SourceVersion "1"]
[SourceVersionDate "2006.09.14"]
[SourceQuality "1"]

1. d4 d5 2. c4 e6 3. Nc3 c6 4. Nf3 Nf6 5. e3 Nbd7 6. b3 Bd6 7. Bd3 Qe7 8. Bb2 b6 9. Qc2 Bb7 10. e4 dxe4 11. Nxe4 Nxe4 12. Bxe4 Nf6 13. Bd3 c5 14. Ne5 cxd4 15. Bxd4 Bb4+ 16. Bc3 Ne4 17. Bxe4 Bxe4 18. Qxe4 Bxc3+ 19. Ke2 0-0 20. Rac1 Bxe5 21. Qxe5 Rac8 22. Rhd1 Rc5 23. Qe3 Qc7 24. Qg3 e5 25. Kf1 b5 26. Rc3 bxc4 27. Rdc1 Qa5 28. Rxc4 Rxc4 29. bxc4 e4 30. Qb3 Qc5 31. Qe3 Qxe3 32. fxe3 f5 33. Rc3 Rc8 34. h3 g5 35. g4 Rc5 36. gxf5 Rxf5+ 37. Kg2 Rc5 38. Rb3 Rxc4 39. Rb8+ Kf7 40. Rb7+ Kg6 41. Rxa7 Rc2+ 42. Kg3 Re2 43. Ra3 Kh5 44. Rc3 Rxa2 1/2-1/2

[Event "Nezhmetdinov Memorial 28th"]
[Site "Kazan"]
[Date "2006.06.07"]
[Round "7"]
[White "Beliaev, Vasily"]
[Black "Sadykova, Alsu"]
[Result "1-0"]
[WhiteElo "2162"]
[BlackElo "2114"]
[PlyCount "61"]
[EventDate "2006.06.01"]
[EventType "swiss"]
[EventRounds "9"]
[EventCountry "RUS"]
[SourceTitle "CBM 112 Extra"]
[Source "ChessBase"]
[SourceDate "2006.07.14"]
[SourceVersion "1"]
[SourceVersionDate "2006.07.14"]
[SourceQuality "1"]

1. e4 c6 2. d4 d5 3. e5 Bf5 4. h4 h5 5. c4 e6 6. Bg5 Qb6 7. Qd2 Bxb1 8. c5 Qc7 9. Rxb1 b6 10. b4 f6 11. Bf4 f5 12. Qe3 a5 13. b5 bxc5 14. dxc5 Nd7 15. b6 Qb7 16. Rc1 Rb8 17. Qg3 Nxc5 18. Be3 Qxb6 19. Qg6+ Kd8 20. Qf7 Qb4+ 21. Bd2 Qe4+ 22. Be2 Nd3+ 23. Kf1 Ne7 24. Qxe6 Qxe5 25. Bxa5+ Ke8 26. Qxe5 Nxe5 27. Bc7 Ra8 28. Bxe5 Rxa2 29. Rh3 Ng6 30. f4 Kd7 31. Rb3 1-0

[Event "RUS Summer U16 Girls 2nd"]
[Site "Satka"]
[Date "2005.07.03"]
[Round "6"]
[White "Sadykova, Alsu"]
[Black "Timofeeva, Ekaterina"]
[Result "0-1"]
[WhiteElo "2173"]
[BlackElo "2162"]
[PlyCount "64"]
[EventDate "2005.06.27"]
[EventType "swiss"]
[EventRounds "9"]
[EventCountry "RUS"]
[SourceTitle "CBM 107 Extra"]
[Source "ChessBase"]
[SourceDate "2005.09.01"]
[SourceVersion "1"]
[SourceVersionDate "2005.09.01"]
[SourceQuality "1"]

1. d4 d6 2. e4 Nf6 3. Nc3 e5 4. dxe5 dxe5 5. Qxd8+ Kxd8 6. Bc4 Be6 7. Bxe6 fxe6 8. f3 a6 9. Nh3 Bb4 10. Bd2 Ke7 11. Nf2 Nbd7 12. 0-0-0 Rhf8 13. Nd3 Bd6 14. Be3 c5 15. Rd2 Rac8 16. Rhd1 b5 17. Bg5 Rc6 18. f4 h6 19. fxe5 Bxe5 20. Nxe5 Nxe5 21. Bf4 Nc4 22. Re2 g5 23. Be3 Nxe3 24. Rxe3 Ng4 25. Red3 Rc7 26. Rd6 Nf2 27. R1d2 b4 28. Rxa6 bxc3 29. bxc3 Nxe4 30. Re2 Rf1+ 31. Kb2 Rb7+ 32. Ka3 Nd6 0-1